| 000 | 00377nam a2200145Ia 4500 | ||
|---|---|---|---|
| 008 | 231129s2003||||xx |||||||||||||| ||spa|| | ||
| 020 | _a958-30-1116-9 | ||
| 040 | _bspa | ||
| 082 | _a(i) Co863.44 N718se | ||
| 100 | _aNino Anibal 1941 | ||
| 245 | 0 | _aLa senora contraria | |
| 260 | _c2003 | ||
| 264 | _aPanamericana | ||
| 942 |
_2ddc _cBKS |
||
| 999 |
_c18204 _d18204 |
||